Logo BPK

Biblioteka

Politechniki Koszalińskiej

The Birth of Europe / (Rekord nr 47851)

Szczegóły MARC
000 -ETYKIETA REKORDU
podpole kontrolne o stałej długości 00698nam a2200193 i 4500
001 - NUMER KONTROLNY REKORDU
pole kontrolne bgj
040 ## - ŹRÓDŁO KATALOGOWANIA
Instytucja, która utworzyła rekord BPK
041 0# - KOD JĘZYKA
Kod języka tekstu eng
Kod języka oryginału fre
008 - POLE O STAŁEJ DŁUGOŚCI - DANE KONTROLNE
podpole kontrolne o stałej długości s uk f |000 0 eng
100 1# - NAZWA OSOBOWA
Nazwa osobowa LOPEZ, Robert Sabatino
Daty związane z nazwą (1910- )
245 10 - TYTUŁ/ODPOWIEDZIALNOŚĆ
Tytuł The Birth of Europe /
Pozostałe elementy strefy tytułu i oznaczenia odpowiedzialności [by] Robert Sabatino Lopez.
260 ## - STREFA ADRESU WYDAWNICZEGO
Miejsce wydania New York :
Nazwa wydawcy/dystrybutora M. Evans and Company, Inc.,
Data publikacji, dystrybucji/powstania dokumentu 1967
Miejsce wydania Philadelphia=
Nazwa wydawcy/dystrybutora and distributed in association with J. B. Lippincott Company.
300 ## - STREFA OPISU FIZYCZNEGO
Objętość XXIII, 442 pp :
Inne cechy fizyczne ill. (part col.), maps (part col.), plans ;
Rozmiary 26 cm.
500 ## - UWAGI OGÓLNE
Tekst uwagi Translation of Naissance de l'Europe.
504 ## - UWAGA DOTYCZĄCA BIBLIOGRAFII
Informacje o bibliografii Bibliography p. [403]-406.
505 ## - SFORMALIZOWANA UWAGA DOTYCZĄCA ZAWARTOŚCI
Pełny tekst uwagi Includes indexes.
650 #9 - HASŁO PRZEDMIOTOWE W FORMIE NAZWY OGÓLNEJ LUB JEDNOSTKOWEJ
Nazwa ogólna lub geograficzna Civilization, Western
942 ## - DODATKOWE ELEMENTY (KOHA)
Typ dokumentu Książka
Egzemplarze
Wycofany Status egzemplarza Uszkodzony Dostępność Lokalizacja stała Lokalizacja bieżąca Miejsce przechowywania Sygnatura Kod kreskowy Typ dokumentu
      Dostępny Biblioteka Politechniki Koszalińskiej Biblioteka Politechniki Koszalińskiej Wypożyczalnia Językowa KA 4566 09019737 Książka
© 2023 Biblioteka Politechniki Koszalińskiej :: KOHA